Fr. Conceicao Rodrigues College of Engineering

Statistics for machine learning (Record no. 22393)

MARC details
000 -LEADER
fixed length control field 00304nam a2200145Ia 4500
082 ## - DEWEY DECIMAL CLASSIFICATION NUMBER
Classification number 6.31
Item number DAN
100 ## - MAIN ENTRY--PERSONAL NAME
Personal name Dangeti/ Pratap
245 ## - TITLE STATEMENT
Title Statistics for machine learning
260 ## - PUBLICATION, DISTRIBUTION, ETC.
Name of publisher, distributor, etc. PACKT
Date of publication, distribution, etc. 2017
300 ## - PHYSICAL DESCRIPTION
Extent 426
546 ## - LANGUAGE NOTE
Language note ENGLISH
650 ## - SUBJECT ADDED ENTRY--TOPICAL TERM
Topical term or geographic name entry element Machine learning
942 ## - ADDED ENTRY ELEMENTS (KOHA)
Koha item type BOOK
Holdings
Withdrawn status Lost status Damaged status Not for loan Collection Home library Current library Date acquired Total Checkouts Full call number Barcode Date last seen Date last checked out Price effective from Koha item type
        CRC Fr. Agnel's C.Rodrigues College of Engineering Fr. Agnel's C.Rodrigues College of Engineering 17/03/2023 2 6.31 DAN 25335 27/10/2025 18/10/2025   BOOK